000 00878nam a2200253 a 4500
001 20521
003 BD-RjUL
005 20211209000557.0
008 880808s1933 enkah 000 0 eng
035 _a(BD-RjUL)20583
035 _a(OCoLC)4119537
040 _aDLC
_cCWR
_dUkOxU
_beng
041 _aeng
082 _223
_a072
_bRIO 1933
100 1 _aRichardson, Herbert,
_9222203
245 1 4 _aThe old English newspaper /
_cby Mrs. Herbert Richardson
260 _a[London :
_bH. Milford, Oxford university press],
_c1933
300 _a22 p. :
_bill. ;
_c25 cm
490 1 _aPamphlet / The English Association ;
_vno.86
500 _a"Partly recast from a lantern lecture delivered to the English Association in November, 1932."
650 0 _aEnglish newspapers
_xHistory.
_9222204
830 _aPamphlet / The English Association ;
_vno.86
_9222205
942 _2ddc
_cRAR
999 _c20521
_d20521